00412nam a2200169 a 45000010005000000030009000050080041000140400028000550820016000831000018000992450030001172500007001472600031001543000014001854900021001996500022002207404CO-ViMGA141112s2004 ck r 000 u spa d aCO-ViMGAbspacCO-ViMGA04a512.72 L5841 aLluis, Emilio10aLos números complejos 6 a2a aMexico : bTrillas, c1989 a85 p : il aMatemáticas, 614aNUMEROS COMPLEJOS